00325nam a2200133Ia 4500008004100000041001200041082001600053100001300069245004400082250000800126260003800134300000700172650001200179221030s9999 xx 000 0 und d aEnglish a105.23bWat aM. Watts 0aWhat Is A Market Economy ?cby M. Watts a2nd bAmerican EmbassyaNew Delhic2004 a32 aGeneral